01012nas a2200229Ia 4500001001100000003000900011008004100020040001300061040001300074041001300087100004400100210001200144222001200156245013900168250001100307260002200318501008600340300001800426362003500444500026000479650004300739R142/77674IT-RoPAU151124c99999999xx |||||||||||| ||und|| aIT-RoPAU cIT-RoPAU aFRANCESE aGriset PascalgCodice Aut. SPICS: 34732 aRESEAUX aReseaux aRESEAUX, N.049 (SETTEMBRE/OTTOBRE 1991)bFondation Et Empire: L'Hegemonie Americaine Dans Les Communications Internationales 1919-1980 a1a ed. aPARISbCNETc1991 bPaulus - SPICS - Società San Paolo EM (non-commercial uses only)cCopyright2015 a17 p. [73-89] aN.049 (SETTEMBRE/OTTOBRE 1991) aFondazione e Impero: Egemonia Americana Nelle Comunicazioni Internazionalidal 1919 al 1980. Concezione di un Mercato Mondiale D'Informazione e Divertimento. Controllo Senza Precedenti Delle Reti Intercontinentali. Al Crocevia della Cultura e dell'Economia aCOMUNICAZIONEvPUBBLICAZIONE PERIODICA